[Event "Ch Australia"]
[Site "masterchessopen.com Sydney (Australia)"]
[Round "5"]
[White "Byrne Stewart (AUS)"]
[Black "Norris Damian C (FIJ)"]
[Result "1-0"]
[WhiteElo "2249"]
[BlackElo "2071"]

1.d4 Nf6 2.c4 e6 3.Nc3 Bb4 4.e3 O-O 5.Ne2 d5 6.a3 Be7 7.Nf4 dxc4 8.Bxc4 c5
9.dxc5 Qxd1+ 10.Kxd1 Bxc5 11.Ke2 b6 12.Nd3 Ba6 13.Bxa6 Nxa6 14.b4 Be7 15.Bb2
Rfd8 16.Rhd1 Nd5 17.Nxd5 Rxd5 18.Ne5 Rxd1 19.Rxd1 Bf6 20.Rd7 h6 21.Bd4 Bxe5
22.Bxe5 f6 23.Bd6 e5 24.b5 Nc5 25.Bxc5 bxc5 26.Kd3 a6 27.b6 Rb8 28.b7 {#r} 1-0

[Event "Ch Europe (juniors) (under 10)"]
[Site "masterchessopen.com Verdun (France)"]
[Round "3"]
[White "Vaznonis Vytautas (LTU)"]
[Black "Fargere Francois (FRA)"]
[Result "0-1"]
[WhiteElo "2387"]
[BlackElo "2492"]

1.d4 Nf6 2.c4 e6 3.Nc3 Bb4 4.e3 O-O 5.Ne2 d5 6.a3 Bxc3+ 7.Nxc3 Nbd7 8.Bd3 dxc4
9.Bxc4 b6 10.O-O Bb7 11.Re1 c5 12.Ne2 Rc8 13.b3 Qe7 14.Bd2 Rfd8 15.Rc1 Ne4
16.Rc2 Qg5 17.Ng3 Nf8 18.Bd3 Nxg3 19.hxg3 Qd5 20.e4 Qxd4 21.Re3 Rd7 22.Qg4 f5
23.Qg5 h6 24.Qh5 fxe4 25.Bc3 Qd5 26.Qg4 exd3 {#R} 0-1

[Event "It (open)"]
[Site "masterchessopen.com Barbera (Spain)"]
[Round "8"]
[White "Estremera Panos Sergio (ESP)"]
[Black "Raineri Pablo (ARG)"]
[Result "1-0"]
[WhiteElo "2345"]
[BlackElo "2275"]

1.d4 Nf6 2.c4 e6 3.Nc3 Bb4 4.e3 O-O 5.Ne2 d5 6.a3 Be7 7.Nf4 c6 8.Bd3 Nbd7
9.cxd5 exd5 10.g4 Re8 11.Qf3 Nf8 12.Rg1 Ne6 13.g5 Nxf4 14.Qxf4 Nd7 15.h4 Nf8
16.Bd2 a5 17.Qg3 Bd6 18.Qg2 Ne6 19.Ne2 Nf8 20.h5 Be6 21.f4 Qc8 22.O-O-O Bf5
23.Bxf5 Qxf5 24.Ng3 Qg4 25.Qf2 Qd7 26.Qf3 b5 27.e4 dxe4 28.Nxe4 b4 29.a4 Qe6
30.Rge1 Qd5 31.Kb1 Rab8 32.h6 g6 33.Nf6+ {#r} 1-0

[Event "It (open)"]
[Site "masterchessopen.com Bern (Switzerland)"]
[Round "8"]
[White "Moor Olivier (SUI)"]
[Black "Suri Hans (SUI)"]
[Result "1-0"]
[WhiteElo "2145"]
[BlackElo "2008"]

1.d4 Nf6 2.c4 e6 3.Nc3 Bb4 4.e3 O-O 5.Ne2 d5 6.a3 Bxc3+ 7.Nxc3 b6 8.b3 c5
9.Be2 Bb7 10.O-O Nc6 11.cxd5 exd5 12.Bf3 Ne7 13.Bb2 cxd4 14.Qxd4 Qd7 15.Rfe1
Rfd8 16.Ne2 Ne8 17.Nf4 Qf5 18.Rac1 Rac8 19.h3 Rxc1 20.Rxc1 Nc6 21.Qd3 Qxd3
22.Nxd3 Ne7 23.Nf4 Rd7 24.Be5 f6 25.Bg4 f5 26.Be2 Nc6 27.Bb2 Na5 28.Bb5 Rd8
29.Bxe8 Rxe8 30.Rc7 g5 31.Nh5 Rc8 32.Rg7+ Kf8 33.Bf6 Rc1+ 34.Kh2 Ba6 {#r} 1-0

[Event "Ch World (juniors) (under 10)"]
[Site "masterchessopen.com Cala Galdana (Spain)"]
[Round "7"]
[White "Cheparinov Ivan (BUL)"]
[Black "Wojtaszek Radoslaw (POL)"]
[Result "0-1"]
[WhiteElo "2650"]
[BlackElo "2704"]

1.d4 Nf6 2.c4 e6 3.Nc3 Bb4 4.e3 O-O 5.Ne2 b6 6.a3 Be7 7.Ng3 d5 8.cxd5 exd5
9.Bd3 Re8 10.O-O c5 11.Bb5 Bd7 12.Be2 Be6 13.Bf3 Nc6 14.Nce2 c4 15.Bd2 Rc8
16.Nf4 Bd6 17.Nxe6 fxe6 18.Qc2 b5 19.Be2 a5 20.f4 Qe7 21.Nh5 Ne4 22.Bf3 Nxd2
23.Qxd2 b4 24.f5 bxa3 25.f6 gxf6 26.e4 Nb4 27.exd5 axb2 28.Qxb2 c3 29.Qc1 {#R}
0-1

[Event "It (open)"]
[Site "masterchessopen.com Calcutta (India)"]
[Round "8"]
[White "Sharma Dinesh K (IND)"]
[Black "Ravi Lanka (IND)"]
[Result "0-1"]
[WhiteElo "2260"]
[BlackElo "2400"]

1.d4 Nf6 2.c4 e6 3.Nc3 Bb4 4.e3 O-O 5.Ne2 d5 6.a3 Be7 7.Nf4 c6 8.Bd3 Nbd7
9.cxd5 exd5 10.g4 Bd6 11.Ng2 Re8 12.Qc2 h6 13.h3 c5 14.Nb5 Bf8 15.dxc5 Nxc5
16.Be2 Bd7 17.b4 Nce4 18.Bb2 a5 19.Qb3 axb4 20.axb4 Qe7 21.Ba3 Rec8 22.Qb2
Bxb5 23.Bxb5 Nd6 24.Bd3 Nc4 25.Bxc4 dxc4 26.O-O c3 27.Qc2 Qe4 28.Qb3 b5
29.Rfd1 Qf3 30.Kh2 Ne4 31.Qc2 Nxf2 32.Rf1 Qxh3+ 33.Kg1 Nxg4 34.Nf4 Nxe3 {#R}
0-1

[Event "Bundesliga"]
[Site "masterchessopen.com Germany"]
[Round "0"]
[White "Gurevich Mikhail (TUR)"]
[Black "Cekro Ekrem (BEL)"]
[Result "1-0"]
[WhiteElo "2605"]
[BlackElo "2410"]

1.d4 Nf6 2.c4 e6 3.Nc3 Bb4 4.e3 O-O 5.Ne2 d5 6.a3 Be7 7.cxd5 exd5 8.g3 c6
9.Bg2 Bf5 10.O-O Qd7 11.f3 h5 12.e4 dxe4 13.fxe4 Bg4 14.Be3 Nh7 15.Qe1 Ng5
16.Nf4 Na6 17.Kh1 Nc7 18.Qf2 Bf6 19.Rac1 Rae8 20.Rc2 c5 21.e5 cxd4 22.Bxd4
Bxe5 23.Bxe5 Rxe5 24.Rd2 Qe7 25.Qxa7 Re1 26.Rf2 b5 27.Rxe1 Qxe1+ 28.Rf1 Qe5
29.Nd3 Qd6 30.Qe3 Re8 31.Qxg5 Qxd3 32.h3 Be6 33.Kh2 Qc2 34.Ne4 Nd5 35.Rf2 Qc7
36.Qxh5 {#r} 1-0

[Event "It"]
[Site "masterchessopen.com Goteborg (Sweden)"]
[Round "7"]
[White "Shulman Yuri (USA)"]
[Black "Hellsten Johan (SWE)"]
[Result "1-0"]
[WhiteElo "2520"]
[BlackElo "2490"]

1.d4 Nf6 2.c4 e6 3.Nc3 Bb4 4.e3 O-O 5.Ne2 Re8 6.a3 Bf8 7.d5 exd5 8.cxd5 c5
9.Ng3 d6 10.Be2 g6 11.O-O Bg7 12.e4 a6 13.a4 Nbd7 14.h3 Rb8 15.Qc2 h5 16.Bg5
Qe7 17.f4 Qf8 18.e5 Nh7 19.e6 f5 20.exd7 Bxd7 21.Bh4 b5 22.axb5 axb5 23.Ra7
Bc8 24.Nxb5 Bf6 25.Bxf6 Qxf6 26.Bc4 {#r} 1-0

[Event "It (open)"]
[Site "masterchessopen.com Kuopio (Finland)"]
[Round "5"]
[White "Mertanen Janne (FIN)"]
[Black "Kiik Kalle (EST)"]
[Result "0-1"]
[WhiteElo "2369"]
[BlackElo "2370"]

1.d4 Nf6 2.c4 e6 3.Nc3 Bb4 4.e3 O-O 5.Ne2 d5 6.a3 Be7 7.cxd5 exd5 8.g3 c6
9.Bg2 Na6 10.O-O Nc7 11.b4 a5 12.bxa5 Ne6 13.Qb3 Qxa5 14.Bd2 Qa6 15.Rfb1 h5
16.h4 Kh8 17.Nc1 g5 18.e4 gxh4 19.exd5 Nxd4 20.Qd1 Bg4 21.f3 Bc5 22.Kh1 Nf5
23.Bf4 Nxg3+ 24.Bxg3 hxg3 25.Qd2 Rae8 26.Ne4 Bxf3 27.Nb3 Rxe4 28.Nxc5 Bxg2+
29.Kg1 Qc4 30.Nxe4 Bxe4 31.Rc1 Qxd5 32.Qc3 Qd8 {#R} 0-1

[Event "Ch Sweden"]
[Site "masterchessopen.com Linkoping (Sweden)"]
[Round "1"]
[White "Olsson Krister (SWE)"]
[Black "Moberg Karl Johan (SWE)"]
[Result "1-0"]
[WhiteElo "2350"]
[BlackElo "2390"]

1.d4 Nf6 2.c4 e6 3.e3 Bb4+ 4.Nc3 O-O 5.Ne2 d5 6.a3 Bd6 7.cxd5 exd5 8.Ng3 c5
9.dxc5 Bxc5 10.b4 Bb6 11.Na4 Bc7 12.Bb2 Nc6 13.Be2 Be6 14.Rc1 Ne5 15.Nc5 b6
16.Nxe6 fxe6 17.O-O a5 18.f4 Ned7 19.Bg4 Re8 20.Rc6 axb4 21.axb4 Nf8 22.Bxf6
gxf6 23.Nh5 f5 24.Bxf5 exf5 25.Nf6+ Kh8 26.Nxe8 Qxe8 27.Qd4+ Kg8 28.Qxd5+ Kh8
29.Rxc7 Qxe3+ 30.Kh1 Re8 31.Qf7 {#r} 1-0

[Event "It (cat.17)"]
[Site "masterchessopen.com Madrid (Spain)"]
[Round "7"]
[White "Illescas Cordoba Miguel (ESP)"]
[Black "Morozevich Alexander (RUS)"]
[Result "1-0"]
[WhiteElo "2640"]
[BlackElo "2610"]

1.d4 Nf6 2.c4 e6 3.Nc3 Bb4 4.e3 O-O 5.Ne2 d5 6.a3 Bd6 7.c5 Be7 8.b4 c6 9.Ng3
b6 10.Bd2 bxc5 11.bxc5 e5 12.Be2 g6 13.O-O h5 { ?! } 14.dxe5 Ng4 15.Bxg4 Bxg4
16.f3 Bd7 17.f4 Qc8 18.e4 { ! } 18...d4 19.f5 { ! } 19...dxc3 20.Bxc3 Na6
21.Nxh5 { ! } 21...Nxc5 ( 21...gxh5 22.Qxh5 { ? ?f3+?? } ) 22.Nf6+ Bxf6
23.exf6 Bxf5 24.exf5 Ne4 25.Qc1 { ! } 25...g5 26.Qd1 { ! } 26...Nxc3 27.Qh5
Ne4 28.Qh6 Nxf6 29.Qxg5+ Kh7 30.Rf3 {#r} 1-0

[Event "It (open)"]
[Site "masterchessopen.com Mar del Plata (Argentina)"]
[Round "7"]
[White "Corsi Ferrari A (ARG)"]
[Black "Cristobal Ruben (ARG)"]
[Result "1-0"]
[WhiteElo "2215"]
[BlackElo "2245"]

1.d4 Nf6 2.c4 e6 3.Nc3 Bb4 4.e3 O-O 5.Ne2 d5 6.a3 Be7 7.Nf4 c6 8.Bd3 Nbd7
9.cxd5 exd5 10.b4 a6 11.O-O Re8 12.f3 Nf8 13.Bb1 Ne6 14.Nd3 Bd6 15.Ra2 Nc7
16.Nc5 Nb5 17.Nxb5 axb5 18.Qd3 b6 19.Nb3 g6 20.Qc3 Bd7 21.Re2 Qc7 22.g4 h5
23.g5 Nh7 24.e4 Bf4 25.e5 Nxg5 26.Rg2 Qd8 27.Kh1 Nh3 28.Bxg6 fxg6 29.Qd3 Re6
30.Rxg6+ Kf7 31.Qf5+ {#r} 1-0

[Event "It (open)"]
[Site "masterchessopen.com Minsk (Belarus)"]
[Round "8"]
[White "Charnushevich Alexei (FRA)"]
[Black "Stepanov Vladimir (BLR)"]
[Result "1-0"]
[WhiteElo "2380"]
[BlackElo "2214"]

1.d4 Nf6 2.c4 e6 3.Nc3 Bb4 4.e3 O-O 5.Ne2 d5 6.a3 Be7 7.cxd5 exd5 8.Ng3 Re8
9.b4 a5 10.b5 Bd6 11.Be2 g6 12.O-O h5 13.Re1 Ng4 14.Bxg4 Bxg4 15.f3 Be6 16.e4
dxe4 17.fxe4 Bg4 18.Qd2 c6 19.e5 Be7 20.d5 cxd5 21.Nxd5 Bc5+ 22.Kh1 Nd7 23.Ne4
Be7 24.Bb2 Be6 25.Nd6 Nc5 26.Nf6+ Bxf6 27.exf6 Kh7 28.Re5 Nb3 29.Rxh5+ {#r}
1-0

[Event "Ch Moscow (open)"]
[Site "masterchessopen.com Moscow (Russia)"]
[Round "3"]
[White "Afanasiev Vadim (RUS)"]
[Black "Kalinin Alexander (RUS)"]
[Result "0-1"]
[WhiteElo "2295"]
[BlackElo "2430"]

1.d4 Nf6 2.c4 e6 3.Nc3 Bb4 4.e3 O-O 5.Ne2 d5 6.a3 Be7 7.cxd5 exd5 8.b4 c6
9.Ng3 Re8 10.Bd3 Nbd7 11.O-O Nf8 12.b5 Bd6 13.a4 Ng4 14.Nf5 Bxh2+ 15.Kh1 Qg5
16.Qf3 Bc7 17.e4 Qh5+ 18.Qh3 Qxh3+ 19.gxh3 dxe4 20.Bxe4 Rxe4 21.f3 Nf2+ 22.Kg1
Re8 {#R} 0-1

[Event "It (cat.8)"]
[Site "masterchessopen.com Moscow (Russia)"]
[Round "0"]
[White "Guliev Sarhan (AZE)"]
[Black "Genba Vladimir (RUS)"]
[Result "0-1"]
[WhiteElo "2470"]
[BlackElo "2380"]

1.d4 Nf6 2.c4 e6 3.Nc3 Bb4 4.e3 O-O 5.Ne2 d5 6.cxd5 exd5 7.g3 c6 8.Bg2 Re8
9.O-O Bf8 10.h3 Nbd7 11.g4 h5 12.g5 Nh7 13.f4 Nb6 14.Ng3 g6 15.h4 Nc4 16.f5
Nxe3 17.Bxe3 Rxe3 18.fxg6 fxg6 19.Nxh5 gxh5 20.Qxh5 Re7 21.g6 Rg7 22.Rf4 Qd6
23.gxh7+ Rxh7 24.Qf3 Bh6 25.Rf6 Be3+ 26.Qxe3 Qxf6 27.Rf1 Qe7 28.Qf2 Bd7 {#R}
0-1

[Event "Ch Yugoslavia (team) (1 liga)"]
[Site "masterchessopen.com Niksic (Yugoslavia)"]
[Round "7"]
[White "Gurevich Mikhail (TUR)"]
[Black "Komarov Dimitri (UKR)"]
[Result "1-0"]
[WhiteElo "2605"]
[BlackElo "2595"]

1.d4 Nf6 2.c4 e6 3.Nc3 Bb4 4.e3 O-O 5.Ne2 d5 6.a3 Be7 7.cxd5 Nxd5 8.Qc2 Nd7
9.e4 Nxc3 10.Nxc3 c5 11.d5 Bf6 12.dxe6 fxe6 13.f4 Bd4 14.e5 Nb6 15.Bd3 Qh4+
16.g3 Qh3 17.Ne4 c4 18.Bf1 Qh5 19.Bg2 Rd8 20.Ng5 Bd7 21.Bf3 Qh6 22.Be4 g6
23.h4 Qf8 24.h5 Ba4 25.Qh2 Bc5 26.hxg6 h6 27.Nxe6 Rd1+ 28.Ke2 Rxh1 29.Qxh1 Qe7
30.Qxh6 {#r} 1-0

[Event "Ch Spain (team) (a)"]
[Site "masterchessopen.com Oropesa (Spain)"]
[Round "7"]
[White "Ruiz Garcia Jose Manuel (ESP)"]
[Black "Corral Blanco Juan Antonio (ESP)"]
[Result "0-1"]
[WhiteElo "2103"]
[BlackElo "2425"]

1.d4 Nf6 2.c4 e6 3.Nc3 Bb4 4.e3 O-O 5.Ne2 Re8 6.a3 Bf8 7.Ng3 d5 8.cxd5 Nxd5
9.Bd3 Nxc3 10.bxc3 b6 11.O-O Bb7 12.e4 c5 13.Be3 Ba6 14.f4 Bxd3 15.Qxd3 cxd4
16.cxd4 Nc6 17.Rfd1 Qd7 18.Qe2 Rad8 19.Kh1 Ne7 20.a4 f5 21.e5 Nd5 22.Bd2 Rc8
23.Qb5 Qb7 24.Rdc1 Rxc1+ 25.Rxc1 Rc8 26.Rxc8 Qxc8 27.Qb3 Bb4 28.Qd3 Bxd2
29.Qxd2 Qc3 30.Qd1 Nxf4 31.Nf1 Qd3 32.Qc1 Qxd4 33.Qc8+ Kf7 34.Qb7+ Kg6 35.Qf3
Qxa4 36.h4 Nh5 {#R} 0-1

[Event "Ch Yugoslavia (team) (w)"]
[Site "masterchessopen.com Vrnjacka Banja (Serbia)"]
[Round "8"]
[White "Paramentic Mila (SRB)"]
[Black "Zivkovic Vesna (SRB)"]
[Result "1-0"]
[WhiteElo "1965"]
[BlackElo "2195"]

1.d4 Nf6 2.c4 e6 3.Nc3 Bb4 4.e3 O-O 5.Ne2 d5 6.a3 Be7 7.Nf4 c6 8.Bd3 dxc4
9.Bxc4 Nbd7 10.O-O e5 11.Nfe2 exd4 12.Nxd4 Ne5 13.Be2 Bc5 14.Qc2 Bxd4 15.Rd1
c5 16.Nb5 Nc6 17.exd4 cxd4 18.Be3 Ng4 19.Bxd4 Qh4 20.Bxg4 Bxg4 21.f3 Bh5
22.Bc5 Rfc8 23.Qf2 Qa4 24.Nd6 Rd8 25.Qe2 b6 26.Bf2 h6 27.Rac1 Na5 28.Rc3 Qd7
29.Rd5 Bg6 30.Nc8 Qe8 {#r} 1-0

[Event "It (open)"]
[Site "masterchessopen.com Zwolle (Netherlands)"]
[Round "5"]
[White "Donk Merlijn Silvester (NED)"]
[Black "Chuchelov Vladimir (BEL)"]
[Result "0-1"]
[WhiteElo "2315"]
[BlackElo "2490"]

1.d4 Nf6 2.c4 e6 3.Nc3 Bb4 4.e3 O-O 5.Ne2 d5 6.a3 Be7 7.Nf4 c6 8.b3 Nbd7 9.Nd3
b6 10.Be2 Bb7 11.cxd5 exd5 12.O-O Bd6 13.f4 c5 14.Ne5 a6 15.a4 Re8 16.Ba3 Rc8
17.Nb1 Nf8 18.Bd3 cxd4 19.exd4 Ne4 20.Qh5 Rc7 21.Rf3 f6 22.Bxd6 Rc1+ 23.Rf1
Rxf1+ 24.Kxf1 Nxd6 25.Ng4 Qc7 26.Na3 Qc3 27.Rd1 Qxb3 28.Nc2 Qxa4 29.Re1 Rxe1+
30.Kxe1 Qe8+ 31.Qxe8 Nxe8 32.Nge3 Ne6 33.Nb4 N6c7 34.Nf5 a5 35.Nc2 b5 36.Na3
g6 {#R} 0-1

[Event "It (open)"]
[Site "masterchessopen.com Bordeaux (France)"]
[Round "3"]
[White "Petit Eric-Thierry (FRA)"]
[Black "Laporte Damien (FRA)"]
[Result "0-1"]
[WhiteElo "2190"]
[BlackElo "2186"]

1.d4 Nf6 2.c4 e6 3.Nc3 Bb4 4.e3 O-O 5.Ne2 d5 6.a3 Be7 7.Ng3 b6 8.b4 c5 9.Rb1
cxb4 10.axb4 dxc4 11.b5 Nd5 12.Bd2 a5 13.Bxc4 Nxc3 14.Bxc3 Qc7 15.Qd3 Bb7
16.Bb3 Rc8 17.Bd2 a4 18.Rc1 Qxc1+ 19.Bxc1 Rxc1+ 20.Ke2 Rxh1 21.Bc2 Rxh2 22.Qc4
a3 23.Bb3 Bd6 24.Nf5 Bf8 25.Ba2 Bd5 26.Ne7+ Bxe7 27.Qc8+ Bf8 28.Bxd5 exd5
29.Qb7 Ra4 {#R} 0-1

[Event "?"]
[Site "masterchessopen.com Canberra (Australia)"]
[Round "0"]
[White "Byrne Stewart (AUS)"]
[Black "Rogers Ian (AUS)"]
[Result "0-1"]
[WhiteElo "2280"]
[BlackElo "2570"]

1.d4 Nf6 2.c4 e6 3.Nc3 Bb4 4.e3 O-O 5.Ne2 d5 6.a3 Be7 7.Nf4 c6 8.Bd3 Nbd7
9.cxd5 exd5 10.g4 Bd6 11.Qf3 Re8 12.Rg1 Qe7 13.g5 Ne4 14.h4 b5 15.Nce2 Nf8
16.Qg2 Bxf4 17.Nxf4 Ng6 18.Nxg6 fxg6 19.Bd2 Bf5 20.Bb4 Qe6 21.Bxe4 dxe4 22.Qg3
a5 23.Bc3 b4 24.axb4 axb4 25.Rxa8 Rxa8 26.Bxb4 Qc4 27.Ba3 Bc8 28.Kd2 Qd3+
29.Kc1 Ra4 30.b3 Rxa3 31.Qb8 Qc3+ 32.Kd1 Ra1+ {#R} 0-1

[Event "It (open)"]
[Site "masterchessopen.com Groningen (Netherlands)"]
[Round "1"]
[White "Sosnicki Michal (POL)"]
[Black "Schlosser Philipp (GER)"]
[Result "0-1"]
[WhiteElo "2270"]
[BlackElo "2550"]

1.d4 Nf6 2.c4 e6 3.Nc3 Bb4 4.e3 O-O 5.Ne2 d5 6.a3 Be7 7.cxd5 Nxd5 8.Qc2 Nd7
9.Nxd5 exd5 10.Ng3 a5 11.Bd3 g6 12.Bd2 c6 13.O-O-O Re8 14.e4 dxe4 15.Nxe4 Nf6
16.Ng5 Ng4 17.h4 Nxf2 18.Bc4 Be6 19.Bxe6 fxe6 20.Nxh7 Kxh7 21.h5 Bf6 22.Qxg6+
Kh8 23.Rdf1 Qxd4 24.Bc3 Qe3+ 25.Kb1 Bxc3 26.bxc3 Qe4+ 27.Qxe4 Nxe4 28.Rf7 Rf8
29.Rxb7 Rf2 30.Rh4 Nxc3+ 31.Kc1 Rd8 32.Rh1 {#R} 0-1

[Event "Tournament"]
[Site "masterchessopen.com Helsingor (Denmark)"]
[Round "1"]
[White "Andersen Ole Bo (DEN)"]
[Black "Nilsson Nils S (DEN)"]
[Result "1-0"]
[WhiteElo "2100"]
[BlackElo "2225"]

1.d4 Nf6 2.c4 e6 3.Nc3 Bb4 4.e3 O-O 5.Ne2 Nc6 6.a3 Bxc3+ 7.Nxc3 d6 8.Bd3 e5
9.d5 Ne7 10.e4 c5 11.Bg5 Ne8 12.O-O f6 13.Be3 f5 14.f4 exf4 15.Bxf4 Ng6
16.exf5 Bxf5 17.Bg3 Qg5 18.Qe2 Bxd3 19.Rxf8+ Kxf8 20.Qxd3 Kg8 21.Ne4 Ne5
22.Qe2 Qe7 23.Nxc5 Qc7 24.b4 b6 25.Bxe5 bxc5 26.Bg3 cxb4 27.Rf1 h6 28.Qe6+ Kh7
29.Rf7 Qxf7 30.Qxf7 bxa3 31.Qf3 {#r} 1-0

[Event "It (cat.3)"]
[Site "masterchessopen.com Highgate (England)"]
[Round "1"]
[White "Mah Karl (ENG)"]
[Black "Aagaard Jacob (SCO)"]
[Result "0-1"]
[WhiteElo "2365"]
[BlackElo "2435"]

1.d4 Nf6 2.c4 e6 3.Nc3 Bb4 4.e3 O-O 5.Ne2 d5 6.a3 Be7 7.cxd5 exd5 8.g3 c6
9.Bg2 a5 10.O-O Na6 11.f3 Nc7 12.g4 b5 13.Nf4 Ba6 14.Re1 Nfe8 15.Qc2 Bd6
16.Nce2 Bb7 17.Bd2 Ne6 18.Nxe6 fxe6 19.f4 Qe7 20.Rac1 b4 21.axb4 axb4 22.g5
Nc7 23.Ng3 Ra5 24.Ra1 Rxa1 25.Rxa1 c5 26.dxc5 Bxc5 27.Rc1 Na6 28.Kh1 e5 29.Qb3
Kh8 30.Rf1 Bd6 31.Bxd5 exf4 32.exf4 Qf7 {#R} 0-1

[Event "It (open)"]
[Site "masterchessopen.com Metz (France)"]
[Round "4"]
[White "Sosnicki Michal (POL)"]
[Black "Vaillant Stephane (FRA)"]
[Result "1-0"]
[WhiteElo "2270"]
[BlackElo "1989"]

1.d4 Nf6 2.c4 e6 3.Nc3 Bb4 4.e3 O-O 5.Ne2 d5 6.a3 Be7 7.cxd5 exd5 8.g3 c6
9.Bg2 Bf5 10.h3 Be6 11.O-O Nbd7 12.b4 Nb6 13.Qb3 a6 14.a4 Bd7 15.a5 Nc8 16.f3
Nd6 17.Na4 Bf5 18.Bd2 Re8 19.Nb6 Rb8 20.g4 Bg6 21.Nf4 Nd7 22.Nxd7 Qxd7 23.e4
Nb5 24.Nxg6 hxg6 25.Be3 Qd6 26.Rab1 f6 27.f4 Kh7 28.e5 Qd8 29.Qd3 Qc8 30.f5 g5
31.Bxg5 fxe5 32.f6+ e4 33.Bxe4+ dxe4 34.Qxe4+ Kh8 {#r} 1-0

[Event "It (open)"]
[Site "masterchessopen.com Minsk (Belarus)"]
[Round "1"]
[White "Kharlov Andrei (RUS)"]
[Black "Pedersen Jacob Bang (DEN)"]
[Result "1-0"]
[WhiteElo "2565"]
[BlackElo "2152"]

1.d4 Nf6 2.c4 e6 3.Nc3 Bb4 4.e3 O-O 5.Ne2 b6 6.a3 Be7 7.e4 d6 8.Ng3 Bb7 9.Be2
Nbd7 10.O-O Re8 11.f4 e5 12.fxe5 dxe5 13.d5 Bc5+ 14.Kh1 Bd4 15.Nb5 Nc5 16.Nxd4
exd4 17.Bg5 Ncxe4 18.Nxe4 Rxe4 19.Bd3 Re5 20.Bxf6 gxf6 21.Qg4+ Rg5 22.Qe4 Rg7
23.Rae1 Kf8 24.Re2 Qd7 25.Qxd4 c6 26.d6 c5 27.Qxf6 Re8 28.Rff2 Bc6 29.Kg1 Rd8
30.Re7 {#r} 1-0

[Event "It (open)"]
[Site "masterchessopen.com New York (USA)"]
[Round "7"]
[White "Resende Antonio Carlos (BRA)"]
[Black "Lobron Eric (GER)"]
[Result "0-1"]
[WhiteElo "2370"]
[BlackElo "2540"]

1.d4 Nf6 2.c4 e6 3.Nc3 Bb4 4.e3 O-O 5.Ne2 d5 6.a3 Be7 7.Nf4 c6 8.cxd5 exd5
9.Bd3 Re8 10.Qc2 Bd6 11.Nfe2 Nbd7 12.Bd2 Nf8 13.f3 c5 14.Nb5 b6 15.Nxd6 Qxd6
16.O-O c4 17.Bf5 b5 18.Ng3 a5 19.Bxc8 Rexc8 20.Nf5 Qd7 21.e4 Ne6 22.Be3 b4
23.axb4 axb4 24.Rxa8 Rxa8 25.exd5 Nxd5 26.Qxc4 Ra7 27.Bd2 Rc7 28.Qd3 h5 29.Rc1
Rxc1+ 30.Bxc1 Qa7 31.Qc4 Qa1 32.Kf2 Nc3 33.Ne7+ Kh7 34.bxc3 Qxc1 35.Qxb4 Qd2+
36.Kg3 Qe1+ {#R} 0-1

[Event "It (open)"]
[Site "masterchessopen.com Portoroz (Slovenia)"]
[Round "3"]
[White "Sitnik Igor (SLO)"]
[Black "Krasevec Viktor (SLO)"]
[Result "1-0"]
[WhiteElo "2250"]
[BlackElo "2015"]

1.d4 Nf6 2.c4 e6 3.Nc3 Bb4 4.e3 O-O 5.Ne2 d5 6.a3 Be7 7.cxd5 exd5 8.g3 Bf5
9.Bg2 c6 10.O-O Nbd7 11.Bd2 Re8 12.f3 h6 13.e4 dxe4 14.fxe4 Be6 15.e5 Nh7
16.Ne4 Qb6 17.Rf2 f5 18.Bh3 Bb3 19.Qb1 Nxe5 20.Bxf5 g6 21.Bh3 Rf8 22.Bf4 Nf7
23.Nc5 Bxc5 24.Qxg6+ Kh8 25.Bf5 Nfg5 26.Be5+ Nf6 27.Qxh6+ {#r} 1-0

[Event "Tournament (2)"]
[Site "masterchessopen.com Prokopjevsk (Russia)"]
[Round "0"]
[White "Gnusarev Pavel (KAZ)"]
[Black "Belkin Andr (UZB)"]
[Result "1-0"]
[WhiteElo "2382"]
[BlackElo "2320"]

1.d4 Nf6 2.c4 e6 3.Nc3 Bb4 4.e3 O-O 5.Ne2 d5 6.cxd5 exd5 7.g3 Bf5 8.Bg2 c6
9.O-O Na6 10.f3 Re8 11.g4 Bg6 12.Ng3 Bd6 13.e4 Bxg3 14.hxg3 dxe4 15.f4 h5
16.f5 Bh7 17.g5 Ng4 18.Bxe4 Rxe4 19.Nxe4 Qd5 20.Nc3 Qd6 21.Bf4 Qd7 22.g6 fxg6
23.d5 gxf5 24.dxc6 Qxc6 25.Qd5+ Qxd5 26.Nxd5 Rd8 27.Rad1 Kf7 28.Bg5 Rd7 29.Nf4
Rc7 30.Rfe1 g6 31.Bd8 {#r} 1-0

[Event "Ch Europe (team)"]
[Site "masterchessopen.com Pula (Croatia)"]
[Round "6"]
[White "Nikolaidis Ioannis (GRE)"]
[Black "Guseinov Aidyn (AZE)"]
[Result "0-1"]
[WhiteElo "2520"]
[BlackElo "2475"]

1.d4 Nf6 2.c4 e6 3.Nc3 Bb4 4.e3 O-O 5.Ne2 d5 6.a3 Be7 7.Nf4 c6 8.cxd5 exd5
9.Bd3 Bd6 10.O-O Re8 11.Qc2 b6 12.b4 Ba6 13.b5 Bb7 14.Bb2 cxb5 15.Bxb5 Nc6
16.Qf5 a6 17.Bxc6 Bxc6 18.Nh5 Re6 19.Nf4 Re8 20.Nh5 Nxh5 21.Qxh5 Re6 22.g3 Bf8
23.a4 b5 24.axb5 axb5 25.e4 b4 26.Nxd5 Rxa1 27.Rxa1 Rxe4 28.Ne3 Rxd4 29.Bxd4
Qxd4 30.Rd1 Qe4 31.Nd5 b3 32.Qg5 Qf3 33.Ne7+ Bxe7 {#R} 0-1

[Event "Ch Canada (juniors) (under 18)"]
[Site "masterchessopen.com Winnipeg (Canada)"]
[Round "4"]
[White "Hua Lefong (CAN)"]
[Black "Zugic Igor (CAN)"]
[Result "1-0"]
[WhiteElo "2235"]
[BlackElo "2320"]

1.d4 Nf6 2.c4 e6 3.Nc3 Bb4 4.e3 O-O 5.Ne2 d5 6.a3 Be7 7.cxd5 Nxd5 8.Nxd5 Qxd5
9.Nc3 Qd8 10.Bc4 c6 11.O-O b5 12.Ba2 a6 13.Qe2 Bb7 14.Rd1 Nd7 15.e4 Nb6 16.Be3
Bd6 17.Rac1 Kh8 18.Qh5 Nd7 19.Bb1 g6 20.Qh3 f5 21.e5 Bb8 22.Ba2 Qe7 23.Bh6 Re8
24.Ne2 g5 25.Qh5 Rg8 26.h4 gxh4 27.Nf4 c5 28.Bxe6 Bxe5 29.dxe5 Nxe5 30.Qxf5
Rxg2+ 31.Nxg2 Nf3+ 32.Kh1 h3 33.Qxh3 {#r} 1-0

[Event "Ch World (juniors) (under 20)"]
[Site "masterchessopen.com Zagan (Poland)"]
[Round "2"]
[White "Myc Marcin (POL)"]
[Black "Zerdo Mirza (BIH)"]
[Result "1-0"]
[WhiteElo "2350"]
[BlackElo "2138"]

1.d4 Nf6 2.c4 e6 3.Nc3 Bb4 4.e3 O-O 5.Ne2 c5 6.a3 cxd4 7.axb4 dxc3 8.Nxc3 d5
9.cxd5 exd5 10.Be2 Nc6 11.b5 Ne5 12.O-O Bf5 13.Qd4 Qe7 14.Rxa7 Rxa7 15.Qxa7
Nd3 16.Rd1 Nxc1 17.Rxc1 Qb4 18.Qa3 Qh4 19.Rd1 Ne4 20.g3 Qh3 21.Nxd5 Ng5
22.Ne7+ {#r} 1-0

[Event "It (open)"]
[Site "masterchessopen.com Zillertal (Austria)"]
[Round "7"]
[White "Kaminik Aleksandar (ISR)"]
[Black "Springer Karl (AUT)"]
[Result "1-0"]
[WhiteElo "2245"]
[BlackElo "2099"]

1.d4 e6 2.c4 Nf6 3.Nc3 Bb4 4.e3 O-O 5.Ne2 Ne4 6.Qc2 d5 7.f3 Nxc3 8.bxc3 Be7
9.Ng3 b6 10.cxd5 exd5 11.Bd3 g6 12.e4 c6 13.O-O Ba6 14.e5 Bxd3 15.Qxd3 Nd7
16.Ne2 Re8 17.g4 Nf8 18.f4 f6 19.Qf3 Ne6 20.f5 gxf5 21.gxf5 Ng7 22.Kh1 Kh8
23.Bh6 Rg8 24.Qh3 Qc8 25.e6 Bd6 26.Bf4 Qc7 27.Bxd6 Qxd6 28.Nf4 Rgc8 29.Qh6
Nxf5 30.Ng6+ Kg8 31.Rxf5 {#r} 1-0

[Event "Tournament (open)"]
[Site "masterchessopen.com Budapest (Hungary)"]
[Round "0"]
[White "Bodrogi Laszlo (HUN)"]
[Black "Jerzecic Miroslav (CRO)"]
[Result "1-0"]
[WhiteElo "2054"]
[BlackElo "2074"]

1.d4 Nf6 2.c4 e6 3.Nc3 Bb4 4.e3 O-O 5.Ne2 d5 6.a3 Be7 7.cxd5 exd5 8.Ng3 c6
9.Bd3 Nbd7 10.b4 Re8 11.O-O Nf8 12.Rb1 Bd7 13.a4 Bd6 14.b5 Ng4 15.h3 Nf6
16.bxc6 bxc6 17.Nf5 Bb8 18.Qf3 Qc7 19.g3 g6 20.Nh6+ Kg7 21.e4 dxe4 22.Nxe4
Nxe4 23.Qxf7+ {#r} 1-0